• 首页
  • 本馆介绍
  • 公告通知
  • 最新文献
  • 馆藏检索
  • 电子资源
  • 读者导购
  • 参考咨询
  • 我的图书馆
  • 登录
  • 详细信息显示
  • 放入我的书架
  • 预约/预借图书
  • 作者相关作品
  • 分类相关作品
  • 丛书相关作品
  • 出版社相关作品

书目信息

  • 表格格式
  • 工作单格式
  • 卡片格式
题名:
邓小平传
    
 
作者: 伊文思著 田山 译
分册:  
出版信息: 北京   国际文化出版公司  2014年
页数: 452页
开本: 29cm
丛书名:
单 册:
中图分类: A761
科图分类:
主题词:
电子资源:
ISBN: 978-7-5125-0644-2
000 00535nam0 2200169 45
001 2532582011
005 20251217091055.69
010    @a978-7-5125-0644-2@dCNY70.00
100    @a20211111d km y0chiy0120 ea
101 0  @achi
200 1  @a邓小平传@ADeng Xiao Ping Chuan@f(英)伊文思著 田山译@F(Ying)Yi Wen Si Zhu Tian Shan Yi
210    @a北京@c国际文化出版公司@d2014年
215    @a452页@d29cm
690    @aA761@v4
701  0 @a伊文思著 田山@AYi Wen Si Zhu Tian Shan@4译
801  0 @aCN@bPFT@c20211111
905    @a10447@b6201265@dA761@e311@f1
    
    邓小平传/(英)伊文思著 田山译.-北京:国际文化出版公司,2014年
    452页;29cm
    
    
    ISBN 978-7-5125-0644-2:CNY70.00
    
●
相关链接 在E读中查询图书 在五车中查询图书 在当当中查询图书 在豆瓣中查询图书


正题名:邓小平传     索取号:A761/311         预约/预借

序号 登录号 条形码 馆藏地/架位号 状态 备注
1 1441939   214419397   第一样本阅览室/ [索取号:A761/311] 在馆    
唐山师范学院图书馆 欢迎您!
大连网信软件有限公司© 版权所有